Sudden Death: Egyptair Flights - Statistics

General Stats
  • This quiz has been taken 30 times
  • The average score is 3 of 15
Answers on the Grid
Answers color-coded by a green-red scale on the quiz's grid according to % correct below.
Nairobi
Newark
Singapore
London Gatwick
Los Angeles
Hong Kong
Sao Paulo
Tokyo Haneda
Cape Town
Kuwait City
Istanbul
N'djamena
Mogadishu
Kano
Ljubjana
Sarajevo
Budapest
Warsaw
Prague
Marrakech
Oran
Sharjah
Dhaka
Lisbon
Tabuk
Douala
Marsa Matruh
El Alamein
Accra
Dusseldorf
 
Answer Stats
Answer % Correct
Mogadishu
42%
Accra
33%
Kuwait City
33%
Nairobi
33%
Istanbul
25%
Budapest
17%
Dhaka
17%
Dusseldorf
17%
N'djamena
17%
Newark
17%
Prague
17%
Sharjah
17%
Douala
8%
Kano
8%
Tabuk
8%
No matching quizzes found
Score Distribution
Percent of People with Each Score
Percentile by Number Answered
Your Score History
You have not taken this quiz